Reforma sanitaria : fundamentos para un análisis / P. Pablo Mansilla Izquierdo fundamentos para un análisis / P. Pablo Mansilla Izquierdo
ISBN:
84-7670-001-6
Descripción Física:
VIII, 233 p. ; 21 cm
MARC
| LEADER | 00000nam a2200000Ia 4500 | ||
|---|---|---|---|
| 001 | 17353 | ||
| 008 | 160829s9999 xx 000 0 cat d | ||
| 020 | |a 84-7670-001-6 | ||
| 080 | |a D-3-78 | ||
| 100 | |a Mansilla Izquierdo, Pedro Pablo |9 23405 | ||
| 245 | |a Reforma sanitaria : |b fundamentos para un análisis / P. Pablo Mansilla Izquierdo | ||
| 260 | |a Madrid : |b Ministerio de Sanidad y Consumo, DL 1986 | ||
| 300 | |a VIII, 233 p. ; |c 21 cm | ||
| 590 | |a Bibliografia | ||
| 650 | |a Salut pública |x Dret i legislació |x Espanya |9 23406 | ||
| 650 | |a Seguretat social |x Espanya |9 23407 | ||
| 901 | |a Arxiu | ||
| 942 | |n 1 | ||
| 952 | |0 1 |1 0 |2 udc |4 0 |5 2 |6 D378 |7 1 |9 42695 |a Arxiu |b Arxiu |d 2016-12-01 |l 0 |o D-3-78 |p 17353 |r 2016-12-01 00:00:00 |w 2016-12-01 |y ARXIU | ||
| 999 | |c 45201 |d 45201 | ||